MARC

LEADER 00000nam0a2200000 4500
001 306690
005 20231102001923.0
020 |a RU  |b 83-61241 
035 |a (RuTPU)RU\TPU\book\331967 
090 |a 306690 
100 |a 20151009d1983 k y0rusy5003 ca 
101 0 |a rus 
102 |a RU 
105 |a y z 001zy 
200 1 |a Рабочий контроль над производством: теория, история, современность  |f В. А. Виноградов  |g Академия наук СССР (АН СССР), Институт научной информации по общественным наукам (ИНИОН) 
210 |a Москва  |c Наука  |d 1983 
215 |a 415 с. 
320 |a Библиография в ссылках. 
606 1 |a Рабочий контроль над производством и распеределением  |2 stltpush  |3 (RuTPU)RU\TPU\subj\22275 
610 1 |a теория 
610 1 |a история 
610 1 |a Февральская революция 1917 
610 1 |a ленинские декреты 
610 1 |a декреты Советской власти 
610 1 |a Советы рабочих и солдатских депутатов 
610 1 |a революционное движение 
610 1 |a европейские страны 
610 1 |a народная демократия 
610 1 |a Великая Отечественная война 1941-1945 
610 1 |a пролетариат 
610 1 |a демократический контроль 
610 1 |a производство 
610 1 |a управление 
610 1 |a борьба 
610 1 |a трудящиеся 
610 1 |a Западная Европа 
686 |a Ф61(2)43  |2 rubbk 
700 1 |a Виноградов  |b В. А.  |c российский экономист  |c академик Российской академии наук  |f 1921-2017  |g Владимир Алексеевич  |2 stltpush  |3 (RuTPU)RU\TPU\pers\13507  |9 4156 
712 0 2 |a Академия наук СССР (АН СССР)  |b Институт научной информации по общественным наукам (ИНИОН)  |c (Москва)  |2 stltpush  |3 (RuTPU)RU\TPU\col\11360 
801 0 |a RU  |b RuMRKP  |c 19950704  |g psbo 
801 1 |a RU  |b 63413507  |c 20151009 
801 2 |a RU  |b 63413507  |c 20190702  |g RCR 
942 |c BK